000 07140cam a22006614i 4500
003 PE-LiUPU
005 20250731184537.0
008 161025s2017 inuab rb 000 0 eng
020 _a1575064715
_q(set)
020 _a1575064723 (volume 1)
020 _a1575064731 (volume 2)
020 _a9781575064710
_q(set)
020 _a9781575064727 (volume 1)
020 _a9781575064734 (volume 2)
035 _a(Sirsi) i9781575064710
040 _aDLC
_bspa
_erda
_cDLC
_dOCLCF
_dHUC
_dYDX
_dCGU
_dZYU
_dCHVBK
_dOCLCO
_dYUS
_dIUL
_dOCL
_dDHA
_dPE-LiUPU
049 _aPRUA
050 0 0 _aDS69.5
_b.A86 2017
082 0 0 _a935
_bA8
_223
245 0 0 _aAt the dawn of history :
_bancient Near Eastern studies in honour of J.N. Postgate /
_ceditor: Yağmur Heffron, Adam Stone, y Martin Worthington.
246 3 0 _aAncient Near Eastern Studies in Honour of J.N. Postgate
264 1 _aWinona Lake, Indiana :
_bEisenbrauns,
_c2017.
300 _a2 volumenes :
_bilustraciones ;
_c29 centímetros
336 _atext
_2rdacontent
337 _aunmediated
_2rdamedia
338 _avolume
_2rdacarrier
504 _aBibliografía al final de cada contenido.
505 0 0 _gVolumen 1.
_tA Fragment of Stele from Umma /
_rLamia Al-Gailani Werr --
_tIn the Shade of the Assyrian Orchards /
_rMarie-Françoise Besnier --
_tThe Šu-Suen Year 0 sa₂-du₁₁ ku₅-ra₂ Flour Dossier from Puzriš-Dagan /
_rRobert Biggs --
_tTo Eat Like a God: Religion and Economy in Old Babylonian Nippur /
_rNicole Brisch --
_tRemarks on the Earliest History of Horoscopy /
_rDavid Brown --
_tA Ceramic Assemblage of the Early Literate Periods from Sumer /
_rDaniel Calderbank and Jane Moon --
_tStolen, Not Given? /
_rMaría Dolores Casero Chamorro --
_tAre We any closer to establishing how many Sumerians per hectare? Recent approaches to Understanding the spatial Dynamics of Populations in Ancient Mesopotamian Cities /
_rCarlo Colatoni --
_tNew Perspectives on "Early Mesopotamia" /
_rHarriet Crawford --
_tOf Arches, Vaults and Domes /
_rStephanie Dalley --
_tEthnicity in the Assyrian Empire: A View from the Nisbe, (III) "Arameans" and Related Tribalists /
_rFrederick Mario Fales --
_tInstruktionen Tukultī-Ninurtas I /
_rHelmut Freydank --
_tGods, Temples, and Cult at the Service of the Early Hittite State /
_rMarie-Henriette Gates --
_tThe Ending of the Çineköy Inscription /
_rDavid Hawkins --
_tA New Palatial Ware or a Case of Imitation of Egyptian Pottery? The Brownish Red Slip (BRS) from Qatna and its Significance within the Northern Levantine Ceramic Tradition of the Mid-Second Millennium BC /
_rMarco Iamoni --
_tBuilding on the Past: Gertrude Bell and the Transformation of Space in the Karadağ /
_rMark Jackson --
_tStudies in the Lexicon of Neo-Aramaic /
_rGeoffrey Khan --
_tThe Temple of Salmānu at Dūr-Katlimmu, Nergal of Hubšalum, and Nergal-ereš /
_rHarmut Kühne --
_tBetween Slavery and Freedom /
_rMogens Trolle Larsen --
_tThe King and His Army /
_rMario Liverani --
_tTwo Middle Assyrian Delivery Notes from the British Museum's Tablet Collection /
_rJeanette C. Fincke and Jaume Llop-Raduà --
_tThe Governors of Halzi-atbari in the Neo-Assyrian Period /
_rMikko Luukko --
_tNever the Same River Twice: The Göksu Valley Through the Ages /
_rNaoise Mac Sweeney and Tevfik Emre Şerifoğlu --
_tPiecing the Jigsaw /
_rHarriet Martin --
_tA Palace for the King of Ereš? Evidence fromt he Early Dynastic City of Abu Salabikh, South Iraq /
_rRoger Matthews and Wendy Matthews --
_tHow many Sumerians does it take to put out the rubbish? /
_rAugust McMahon.
505 0 0 _gVolumen 2.
_ttThe Location of Racappa /
_rSimo Parpola --
_tMaking Fire in Uruk-Period Abu Salabikh /
_rSusan Pollock --
_tA Neo-Assyrian Legal Document from Tell Sitak /
_rKaren Radner --
_tThe Assyrian Palace at Nabi Yunus, Nineveh /
_rJulian Reade --
_tThe Socio-Economics of Cuneiform Scholarship after the "End of Archives": Views from Borsippa and Uruk /
_rEleanor Robson --
_tEine Königskette im Heiligtum der Ištar von Assur /
_rUrsula Seidl --
_tOn the Tablet Trail: Herdsmen's Employment for Royal Wives in the Ur III Period /
_rT.M. Sharlach --
_tAn Expedition of King Shalmaneser I and Prince Tukultī-Ninurta to Carchemish /
_rDaisuke Shibata --
_tThe Role of Stimulants in Early Near Eastern Society: Insights through Artifacts and Texts /
_rDiana Stein --
_tAn Estimate of the Population of the City of Umma in Ur III Times /
_rPiotr Steinkeller /
_rHow many Mesopotamians per hectare? /
_rElizabeth C. Stone --
_tThe Terminology for times of the day in Akkadian /
_rMichael P. Streck --
_t"Counter-Archaeology:" Putting the Ur III Drehem Archives Back in the Ground /
_rChristina Tsouparopoulou --
_tMeaning in Perspective: Some Akkadian Terms for "Foundation" : uššu, temennu, išdu, duruššu- /
_rJohanna Tudeau --
_tNergal-emir's Correspondence in the light of BM 30205, and a Preliminary Edition of BM 36543, another Fragmentary Neo-Assyrian Letter in the Babylon Collection of the British Museum /
_rGreta Van Buylaere --
_tSeven Debt-Notes of Anatolians from Ancient Kanesh /
_rKlaas R. Veenhof --
_tOracle Bones at the Sichuan University Museum /
_rXianhua Wang and Changhong Chen --
_tAssociation of the Dog with Healing Power in Mesopotamia /
_rChikako E. Watanabe --
_tUgaritic Military Terms in the Light of Comparative Linguistics /
_rWilfred G.E. Watson --
_tTabal and the Limits of Assyrian Imperialism /
_rMark Weeden --
_tEin dritter Backstein mit der grossen Inschrift des Königs Takil-ilissu von Malgûm und der Tonnagel des Ipiq-Ištar /
_rClaus Wilcke --
_tAssur among the Gods of Urartu /
_rPaul Zimansky --
_tSome Bronze Stamp Seals of Achaemenid Date /
_rDominique Collon and John Curtis --
_rAssyrians after the Fall: Evidence from the Ebabbar of Sippar /
_rJohn MacGinnis --
_tPrayer and Praise in the City of Assur /
_rFrances Reynolds.
526 _aP136
526 _aP135
526 _aP134
526 _aP133
526 _aP144
526 _aP143
526 _aP87
526 _aP35
526 _aP20
526 _aP14
526 _aP10
526 _aP06
650 1 4 _aIdioma acadio
_xTextos.
650 2 4 _aAntigüedades.
650 2 4 _aCivilización Asiro-babilónica.
700 1 _aHeffron, Yağmur,
_eeditor.
700 1 _aPostgate, J. N.,
_een honor.
700 1 _aStone, Adam,
_d1981-
_eeditor.
700 1 _aWorthington, Martin,
_eeditor.
910 _adbm
_bebj
_cebj
_d20171228
942 _2ddc
_cBOOK
949 _a935 A8 1
_wDEWEY
_c1
_i77850
_lCATALOGING
_mBUL
_p90.65
_r0
_sY
_tBOOK
_u2017-12-28
_xPOSGRADO
_PP85
_0DONACION
_o.STAFF. Colección Teología.
949 _a935 A8 2
_wDEWEY
_c1
_i77851
_lCATALOGING
_mBUL
_p90.65
_r0
_sY
_tBOOK
_u2017-12-28
_xPOSGRADO
_PP85
_0DONACION
_o.STAFF. Colección Teología.
994 _aC0
_bPEPRU
596 _a1
999 _a935 A8 1
_wDEWEY
_c26520
_i77850
_f2021-11-11
_g4
_lCCODEBUL1
_mBUL
_p90.65
_r0
_sY
_tBOOK
_u2017-12-28
_xTEOLOGIA
_PP85
_0COMPRA
_o.STAFF. Colección Teología.
_d26520
999 _a935 A8 2
_wDEWEY
_c1
_i77851
_f2021-11-11
_g4
_lCCODEBUL1
_mBUL
_p90.65
_r0
_sY
_tBOOK
_u2017-12-28
_xTEOLOGIA
_PP85
_0COMPRA
_o.STAFF. Colección Teología.
980 _81
_gALBERTO SANCHEZ Responsable de Automatización